01844cam a22003974i 4500003000900000005001700009008004100026020001500067035002700082040003300109049000900142082002100151100003500172245003600207264006400243300003800307336002100345337002500366338002300391504002800414505038000442526000900822526000900831526000800840526000800848526000800856650003100864910001800895942001400913949012900927994001401056596000601070999015401076980005501230952016101285PE-LiUPU20250731183417.0150616s r 000 0 d a0311324320 a(Sirsi) i9780311324323 aPE-LiUPUbspacPE-LiUPUerda aPRUA04a783.952bM122211 aMcConnell M., Cecilio,eautor.11a¡Conozcamos nuestro himnario!. 1aSantiago de Chile :bCasa Bautista de Publicaciones,c1980. a110 páginas ;c21 centímetros atext2rdacontent aunmediated2rdamedia avolume2rdacarrier aIncluye bibliografía.0 a¿Por qué preocuparnos del himnario? -- ¿Cómo se ha producido el himnario? -- ¿Cuáles son las fuentes de los himnarios? -- ¿Quiénes escribieron nuestros himnarios? -- ¿Quiénes compusieron la música de nuestros himnarios? -- ¿qué clse de himnos usamos? -- ¿Qué contienen los himnos? -- ¿Cómo cantar los himnos? -- ¿Cómo utilizar mejor el himnario?. aP158 aP146 aP17 aP12 aP0604aMUSICA SACRA - EVANGELICA. ajckbjvqcjck 2ddccBOOK a783.952 M12wDEWEYc1i27850lCCODEBUL1mBULr0sYtBOOKu2015-4-23xEDUCACIONzUNKNOWN0COMPRAo.STAFF. Colección General aC0bPEPRU a1 a783.952 M12wDEWEYc37962i27850f2021-11-9g5lCCODEBUL1mBULr0sYtBOOKu2015-4-23xEDUCACIONzUNKNOWN0COMPRAo.STAFF. Colección Generald37962 81gALBERTO SANCHEZ Responsable de Automatización r2025-12-03 00:00:00i6l0o783.952 M12p27850te1w2015-04-23xFACIHEDyBKzinventario-2023-12-13102ddc50708GENfP17aBULbBULcGENd2015-04-23eCOMPRA